<?xml version="1.0" encoding="UTF-8"?>
<collection xmlns="http://www.loc.gov/MARC21/slim">
 <record>
  <leader>08578cam a2201453   4500</leader>
  <controlfield tag="001">472220519</controlfield>
  <controlfield tag="003">DE-627</controlfield>
  <controlfield tag="005">20250117104651.0</controlfield>
  <controlfield tag="007">tu</controlfield>
  <controlfield tag="008">041117s2005    gw |||||      00| ||ger c</controlfield>
  <datafield tag="015" ind1=" " ind2=" ">
   <subfield code="a">04,N49,0990</subfield>
   <subfield code="2">dnb</subfield>
  </datafield>
  <datafield tag="016" ind1="7" ind2=" ">
   <subfield code="a">972694773</subfield>
   <subfield code="2">DE-101</subfield>
  </datafield>
  <datafield tag="020" ind1=" " ind2=" ">
   <subfield code="a">9783515086141</subfield>
   <subfield code="c"> : Gb. : EUR 28.00, sfr 44.80</subfield>
   <subfield code="9">978-3-515-08614-1</subfield>
  </datafield>
  <datafield tag="020" ind1=" " ind2=" ">
   <subfield code="a">3515086145</subfield>
   <subfield code="c">Gb. : EUR 28.00, sfr 44.80</subfield>
   <subfield code="9">3-515-08614-5</subfield>
  </datafield>
  <datafield tag="024" ind1="3" ind2=" ">
   <subfield code="a">9783515086141</subfield>
  </datafield>
  <datafield tag="024" ind1="8" ind2=" ">
   <subfield code="a">8614</subfield>
   <subfield code="q">Best.-Nr.</subfield>
  </datafield>
  <datafield tag="028" ind1="5" ind2="2">
   <subfield code="a">8614</subfield>
  </datafield>
  <datafield tag="035" ind1=" " ind2=" ">
   <subfield code="a">(DE-627)472220519</subfield>
  </datafield>
  <datafield tag="035" ind1=" " ind2=" ">
   <subfield code="a">(DE-576)114961832</subfield>
  </datafield>
  <datafield tag="035" ind1=" " ind2=" ">
   <subfield code="a">(DE-599)DNB972694773</subfield>
  </datafield>
  <datafield tag="035" ind1=" " ind2=" ">
   <subfield code="a">(OCoLC)238056460</subfield>
  </datafield>
  <datafield tag="035" ind1=" " ind2=" ">
   <subfield code="a">(OCoLC)58421717</subfield>
  </datafield>
  <datafield tag="035" ind1=" " ind2=" ">
   <subfield code="a">(OCoLC)238056460</subfield>
  </datafield>
  <datafield tag="040" ind1=" " ind2=" ">
   <subfield code="a">DE-627</subfield>
   <subfield code="b">ger</subfield>
   <subfield code="c">DE-627</subfield>
   <subfield code="e">rakwb</subfield>
  </datafield>
  <datafield tag="041" ind1=" " ind2=" ">
   <subfield code="a">ger</subfield>
  </datafield>
  <datafield tag="044" ind1=" " ind2=" ">
   <subfield code="c">XA-DE-BW</subfield>
  </datafield>
  <datafield tag="050" ind1=" " ind2="0">
   <subfield code="a">N6868.5.E9</subfield>
  </datafield>
  <datafield tag="082" ind1="0" ind2=" ">
   <subfield code="a">760.094309041</subfield>
  </datafield>
  <datafield tag="082" ind1="0" ind2=" ">
   <subfield code="a">760/.0943/09041</subfield>
  </datafield>
  <datafield tag="082" ind1="0" ind2="4">
   <subfield code="a">700</subfield>
   <subfield code="a">943</subfield>
  </datafield>
  <datafield tag="082" ind1="0" ind2="4">
   <subfield code="a">700</subfield>
  </datafield>
  <datafield tag="084" ind1=" " ind2=" ">
   <subfield code="a">9,10</subfield>
   <subfield code="a">9,11</subfield>
   <subfield code="2">ssgn</subfield>
  </datafield>
  <datafield tag="084" ind1=" " ind2=" ">
   <subfield code="a">LK 83402</subfield>
   <subfield code="2">rvk</subfield>
   <subfield code="0">(DE-625)rvk/98495:13106</subfield>
  </datafield>
  <datafield tag="084" ind1=" " ind2=" ">
   <subfield code="a">LK 10352</subfield>
   <subfield code="2">rvk</subfield>
   <subfield code="0">(DE-625)rvk/97500:13106</subfield>
  </datafield>
  <datafield tag="084" ind1=" " ind2=" ">
   <subfield code="a">LH 65822</subfield>
   <subfield code="2">rvk</subfield>
   <subfield code="0">(DE-625)rvk/94562:13106</subfield>
  </datafield>
  <datafield tag="084" ind1=" " ind2=" ">
   <subfield code="a">LK 84380</subfield>
   <subfield code="2">rvk</subfield>
   <subfield code="0">(DE-625)rvk/98529:2</subfield>
  </datafield>
  <datafield tag="084" ind1=" " ind2=" ">
   <subfield code="a">LK 85860</subfield>
   <subfield code="2">rvk</subfield>
   <subfield code="0">(DE-625)rvk/98615:2</subfield>
  </datafield>
  <datafield tag="084" ind1=" " ind2=" ">
   <subfield code="a">NQ 2280</subfield>
   <subfield code="2">rvk</subfield>
   <subfield code="0">(DE-625)rvk/128242:</subfield>
  </datafield>
  <datafield tag="084" ind1=" " ind2=" ">
   <subfield code="a">20.70</subfield>
   <subfield code="2">bkl</subfield>
  </datafield>
  <datafield tag="100" ind1="1" ind2=" ">
   <subfield code="a">Saehrendt, Christian</subfield>
   <subfield code="d">1968-</subfield>
   <subfield code="0">(DE-588)124049710</subfield>
   <subfield code="0">(DE-627)085604879</subfield>
   <subfield code="0">(DE-576)185576699</subfield>
   <subfield code="4">aut</subfield>
  </datafield>
  <datafield tag="245" ind1="1" ind2="5">
   <subfield code="a">&quot;Die Brücke&quot; zwischen Staatskunst und Verfemung</subfield>
   <subfield code="b">expressionistische Kunst als Politikum in der Weimarer Republik, im &quot;Dritten Reich&quot; und im Kalten Krieg</subfield>
   <subfield code="c">Christian Saehrendt</subfield>
  </datafield>
  <datafield tag="263" ind1=" " ind2=" ">
   <subfield code="a">Gb. : EUR 28.00, sfr 44.80</subfield>
  </datafield>
  <datafield tag="264" ind1=" " ind2="1">
   <subfield code="a">Stuttgart</subfield>
   <subfield code="b">Steiner</subfield>
   <subfield code="c">2005</subfield>
  </datafield>
  <datafield tag="300" ind1=" " ind2=" ">
   <subfield code="a">124 S.</subfield>
   <subfield code="b">Ill.</subfield>
   <subfield code="c">25 cm</subfield>
  </datafield>
  <datafield tag="336" ind1=" " ind2=" ">
   <subfield code="a">Text</subfield>
   <subfield code="b">txt</subfield>
   <subfield code="2">rdacontent</subfield>
  </datafield>
  <datafield tag="337" ind1=" " ind2=" ">
   <subfield code="a">ohne Hilfsmittel zu benutzen</subfield>
   <subfield code="b">n</subfield>
   <subfield code="2">rdamedia</subfield>
  </datafield>
  <datafield tag="338" ind1=" " ind2=" ">
   <subfield code="a">Band</subfield>
   <subfield code="b">nc</subfield>
   <subfield code="2">rdacarrier</subfield>
  </datafield>
  <datafield tag="490" ind1="1" ind2=" ">
   <subfield code="a">Pallas Athene</subfield>
   <subfield code="v">13</subfield>
  </datafield>
  <datafield tag="500" ind1=" " ind2=" ">
   <subfield code="a">Literaturverz. S. [115] - 123</subfield>
  </datafield>
  <datafield tag="583" ind1="1" ind2=" ">
   <subfield code="a">Archivierung/Langzeitarchivierung gewährleistet</subfield>
   <subfield code="f">PEBW</subfield>
   <subfield code="x">XA-DE-BW</subfield>
   <subfield code="2">pdager</subfield>
   <subfield code="5">DE-24</subfield>
  </datafield>
  <datafield tag="583" ind1="1" ind2=" ">
   <subfield code="a">Archivierung/Langzeitarchivierung gewährleistet</subfield>
   <subfield code="f">SSG</subfield>
   <subfield code="x">XA-DE-BW</subfield>
   <subfield code="2">pdager</subfield>
   <subfield code="5">DE-16</subfield>
  </datafield>
  <datafield tag="610" ind1="2" ind2="7">
   <subfield code="0">(DE-588)63342-2</subfield>
   <subfield code="0">(DE-627)101335016</subfield>
   <subfield code="0">(DE-576)190455985</subfield>
   <subfield code="a">Brücke</subfield>
   <subfield code="g">Künstlervereinigung</subfield>
   <subfield code="2">gnd</subfield>
  </datafield>
  <datafield tag="650" ind1=" " ind2="0">
   <subfield code="a">Expressionism (Art)</subfield>
   <subfield code="x">Political aspects</subfield>
   <subfield code="x">History</subfield>
   <subfield code="x">20th century</subfield>
   <subfield code="x">Germany</subfield>
  </datafield>
  <datafield tag="650" ind1=" " ind2="0">
   <subfield code="a">Art, German</subfield>
   <subfield code="x">20th century</subfield>
  </datafield>
  <datafield tag="650" ind1=" " ind2="0">
   <subfield code="a">Art and state</subfield>
   <subfield code="x">History</subfield>
   <subfield code="x">20th century</subfield>
   <subfield code="x">Germany</subfield>
  </datafield>
  <datafield tag="650" ind1="0" ind2="7">
   <subfield code="0">(DE-588)4049716-1</subfield>
   <subfield code="0">(DE-627)104675152</subfield>
   <subfield code="0">(DE-576)209083182</subfield>
   <subfield code="a">Rezeption</subfield>
   <subfield code="2">gnd</subfield>
  </datafield>
  <datafield tag="650" ind1=" " ind2="4">
   <subfield code="a">Geschichte 1918-2000</subfield>
   <subfield code="7">(dpeaa)DE-2491</subfield>
  </datafield>
  <datafield tag="650" ind1=" " ind2="4">
   <subfield code="a">Deutschland</subfield>
   <subfield code="7">(dpeaa)DE-2491</subfield>
  </datafield>
  <datafield tag="650" ind1=" " ind2="4">
   <subfield code="a">Brücke &lt;Künstlervereinigung&gt;</subfield>
   <subfield code="7">(dpeaa)DE-2491</subfield>
  </datafield>
  <datafield tag="650" ind1=" " ind2="4">
   <subfield code="a">Weimarer Republik</subfield>
   <subfield code="7">(dpeaa)DE-2491</subfield>
  </datafield>
  <datafield tag="650" ind1=" " ind2="4">
   <subfield code="a">Nationalsozialismus</subfield>
   <subfield code="7">(dpeaa)DE-2491</subfield>
  </datafield>
  <datafield tag="650" ind1=" " ind2="4">
   <subfield code="a">Ost-West-Konflikt</subfield>
   <subfield code="7">(dpeaa)DE-2491</subfield>
  </datafield>
  <datafield tag="650" ind1=" " ind2="4">
   <subfield code="a">Kunst</subfield>
   <subfield code="7">(dpeaa)DE-2491</subfield>
  </datafield>
  <datafield tag="650" ind1=" " ind2="4">
   <subfield code="a">Politik</subfield>
   <subfield code="7">(dpeaa)DE-2491</subfield>
  </datafield>
  <datafield tag="651" ind1=" " ind2="0">
   <subfield code="a">Germany</subfield>
   <subfield code="x">Civilization</subfield>
   <subfield code="x">20th century</subfield>
  </datafield>
  <datafield tag="653" ind1=" " ind2="0">
   <subfield code="a">Brücke (Artists' group)</subfield>
  </datafield>
  <datafield tag="689" ind1="0" ind2="0">
   <subfield code="d">b</subfield>
   <subfield code="0">(DE-588)63342-2</subfield>
   <subfield code="0">(DE-627)101335016</subfield>
   <subfield code="0">(DE-576)190455985</subfield>
   <subfield code="a">Brücke</subfield>
   <subfield code="g">Künstlervereinigung</subfield>
   <subfield code="2">gnd</subfield>
  </datafield>
  <datafield tag="689" ind1="0" ind2="1">
   <subfield code="d">g</subfield>
   <subfield code="0">(DE-588)4011882-4</subfield>
   <subfield code="0">(DE-627)104704861</subfield>
   <subfield code="0">(DE-576)208896155</subfield>
   <subfield code="a">Deutschland</subfield>
   <subfield code="2">gnd</subfield>
  </datafield>
  <datafield tag="689" ind1="0" ind2="2">
   <subfield code="d">s</subfield>
   <subfield code="0">(DE-588)4049716-1</subfield>
   <subfield code="0">(DE-627)104675152</subfield>
   <subfield code="0">(DE-576)209083182</subfield>
   <subfield code="a">Rezeption</subfield>
   <subfield code="2">gnd</subfield>
  </datafield>
  <datafield tag="689" ind1="0" ind2="3">
   <subfield code="a">z</subfield>
   <subfield code="2">gnd</subfield>
   <subfield code="a">Geschichte 1918-1933</subfield>
  </datafield>
  <datafield tag="689" ind1="0" ind2=" ">
   <subfield code="5">DE-101</subfield>
  </datafield>
  <datafield tag="689" ind1="1" ind2="0">
   <subfield code="d">s</subfield>
   <subfield code="0">(DE-588)4065109-5</subfield>
   <subfield code="0">(DE-627)10612059X</subfield>
   <subfield code="0">(DE-576)209156864</subfield>
   <subfield code="a">Weimarer Republik</subfield>
   <subfield code="2">gnd</subfield>
  </datafield>
  <datafield tag="689" ind1="1" ind2="1">
   <subfield code="d">s</subfield>
   <subfield code="0">(DE-588)4049716-1</subfield>
   <subfield code="0">(DE-627)104675152</subfield>
   <subfield code="0">(DE-576)209083182</subfield>
   <subfield code="a">Rezeption</subfield>
   <subfield code="2">gnd</subfield>
  </datafield>
  <datafield tag="689" ind1="1" ind2="2">
   <subfield code="d">b</subfield>
   <subfield code="0">(DE-588)63342-2</subfield>
   <subfield code="0">(DE-627)101335016</subfield>
   <subfield code="0">(DE-576)190455985</subfield>
   <subfield code="a">Brücke</subfield>
   <subfield code="g">Künstlervereinigung</subfield>
   <subfield code="2">gnd</subfield>
  </datafield>
  <datafield tag="689" ind1="1" ind2=" ">
   <subfield code="5">DE-101</subfield>
  </datafield>
  <datafield tag="689" ind1="2" ind2="0">
   <subfield code="d">b</subfield>
   <subfield code="0">(DE-588)63342-2</subfield>
   <subfield code="0">(DE-627)101335016</subfield>
   <subfield code="0">(DE-576)190455985</subfield>
   <subfield code="a">Brücke</subfield>
   <subfield code="g">Künstlervereinigung</subfield>
   <subfield code="2">gnd</subfield>
  </datafield>
  <datafield tag="689" ind1="2" ind2="1">
   <subfield code="d">g</subfield>
   <subfield code="0">(DE-588)4011882-4</subfield>
   <subfield code="0">(DE-627)104704861</subfield>
   <subfield code="0">(DE-576)208896155</subfield>
   <subfield code="a">Deutschland</subfield>
   <subfield code="2">gnd</subfield>
  </datafield>
  <datafield tag="689" ind1="2" ind2="2">
   <subfield code="d">s</subfield>
   <subfield code="0">(DE-588)4049716-1</subfield>
   <subfield code="0">(DE-627)104675152</subfield>
   <subfield code="0">(DE-576)209083182</subfield>
   <subfield code="a">Rezeption</subfield>
   <subfield code="2">gnd</subfield>
  </datafield>
  <datafield tag="689" ind1="2" ind2="3">
   <subfield code="a">z</subfield>
   <subfield code="2">gnd</subfield>
   <subfield code="a">Geschichte 1933-1945</subfield>
  </datafield>
  <datafield tag="689" ind1="2" ind2=" ">
   <subfield code="5">DE-101</subfield>
  </datafield>
  <datafield tag="689" ind1="3" ind2="0">
   <subfield code="d">s</subfield>
   <subfield code="0">(DE-588)4013021-6</subfield>
   <subfield code="0">(DE-627)104682922</subfield>
   <subfield code="0">(DE-576)208901639</subfield>
   <subfield code="a">Drittes Reich</subfield>
   <subfield code="2">gnd</subfield>
  </datafield>
  <datafield tag="689" ind1="3" ind2="1">
   <subfield code="d">s</subfield>
   <subfield code="0">(DE-588)4049716-1</subfield>
   <subfield code="0">(DE-627)104675152</subfield>
   <subfield code="0">(DE-576)209083182</subfield>
   <subfield code="a">Rezeption</subfield>
   <subfield code="2">gnd</subfield>
  </datafield>
  <datafield tag="689" ind1="3" ind2="2">
   <subfield code="d">b</subfield>
   <subfield code="0">(DE-588)63342-2</subfield>
   <subfield code="0">(DE-627)101335016</subfield>
   <subfield code="0">(DE-576)190455985</subfield>
   <subfield code="a">Brücke</subfield>
   <subfield code="g">Künstlervereinigung</subfield>
   <subfield code="2">gnd</subfield>
  </datafield>
  <datafield tag="689" ind1="3" ind2=" ">
   <subfield code="5">DE-101</subfield>
  </datafield>
  <datafield tag="689" ind1="4" ind2="0">
   <subfield code="d">b</subfield>
   <subfield code="0">(DE-588)63342-2</subfield>
   <subfield code="0">(DE-627)101335016</subfield>
   <subfield code="0">(DE-576)190455985</subfield>
   <subfield code="a">Brücke</subfield>
   <subfield code="g">Künstlervereinigung</subfield>
   <subfield code="2">gnd</subfield>
  </datafield>
  <datafield tag="689" ind1="4" ind2="1">
   <subfield code="d">s</subfield>
   <subfield code="0">(DE-588)4049716-1</subfield>
   <subfield code="0">(DE-627)104675152</subfield>
   <subfield code="0">(DE-576)209083182</subfield>
   <subfield code="a">Rezeption</subfield>
   <subfield code="2">gnd</subfield>
  </datafield>
  <datafield tag="689" ind1="4" ind2="2">
   <subfield code="a">z</subfield>
   <subfield code="2">gnd</subfield>
   <subfield code="a">Geschichte 1945-2000</subfield>
  </datafield>
  <datafield tag="689" ind1="4" ind2=" ">
   <subfield code="5">DE-101</subfield>
  </datafield>
  <datafield tag="787" ind1="0" ind2="8">
   <subfield code="i">Rezension</subfield>
   <subfield code="t">Christian Saehrendt: „Die Brücke“ zwischen Staatskunst und Verfemung. Expressionistische Kunst als Politikum in der Weimarer Republik, im „Dritten Reich“ und im Kalten Krieg, Stuttgart 2005</subfield>
   <subfield code="d">2005</subfield>
   <subfield code="h">Online-Ressource</subfield>
   <subfield code="w">(DE-627)1646231775</subfield>
   <subfield code="w">(DE-576)278883710</subfield>
  </datafield>
  <datafield tag="787" ind1="0" ind2="8">
   <subfield code="i">Rezensiert in</subfield>
   <subfield code="a">Steinkamp, Maike, 1974 - </subfield>
   <subfield code="t">[Rezension von: Christian Saehrendt, &quot;Die Brücke&quot; zwischen Staatskunst und Verfemung. Expressionistische Kunst als Politikum in der Weimarer Republik, im &quot;Dritten Reich&quot; und im Kalten Krieg]</subfield>
   <subfield code="d">2005</subfield>
   <subfield code="w">(DE-627)1898172560</subfield>
  </datafield>
  <datafield tag="787" ind1="0" ind2="8">
   <subfield code="i">Rezensiert in</subfield>
   <subfield code="a">Hüneke, Andreas, 1944 - 2024</subfield>
   <subfield code="t">[Rezension von: Christian Saehrendt, &quot;Die Brücke&quot; zwischen Staatskunst und Verfemung]</subfield>
   <subfield code="d">2007</subfield>
   <subfield code="w">(DE-627)1914953584</subfield>
  </datafield>
  <datafield tag="830" ind1=" " ind2="0">
   <subfield code="a">Pallas Athene</subfield>
   <subfield code="v">13</subfield>
   <subfield code="9">13</subfield>
   <subfield code="w">(DE-627)355119536</subfield>
   <subfield code="w">(DE-576)085297895</subfield>
   <subfield code="w">(DE-600)2089529-X</subfield>
   <subfield code="x">1439-9857</subfield>
   <subfield code="7">ns</subfield>
  </datafield>
  <datafield tag="856" ind1="4" ind2="2">
   <subfield code="u">https://swbplus.bsz-bw.de/bsz114961832inh.htm</subfield>
   <subfield code="m">V:DE-576</subfield>
   <subfield code="q">text/html</subfield>
   <subfield code="3">Inhaltsverzeichnis</subfield>
  </datafield>
  <datafield tag="856" ind1="4" ind2="2">
   <subfield code="u">https://swbplus.bsz-bw.de/bsz114961832rez.htm</subfield>
   <subfield code="m">V:DE-576</subfield>
   <subfield code="3">Rezension</subfield>
  </datafield>
  <datafield tag="856" ind1="4" ind2="2">
   <subfield code="u">http://www.sehepunkte.de/2007/06/10074.html</subfield>
   <subfield code="m">V:DE-576;X:Sehepunkte</subfield>
   <subfield code="q">text/html</subfield>
   <subfield code="v">20180424124232</subfield>
   <subfield code="3">Rezension</subfield>
  </datafield>
  <datafield tag="935" ind1=" " ind2=" ">
   <subfield code="a">SAXB</subfield>
  </datafield>
  <datafield tag="935" ind1=" " ind2=" ">
   <subfield code="i">Blocktest</subfield>
  </datafield>
  <datafield tag="936" ind1="r" ind2="v">
   <subfield code="a">LK 83402</subfield>
   <subfield code="b">Expressionismus (einschließlich Fauves und Dada)</subfield>
   <subfield code="k">Kunstgeschichte</subfield>
   <subfield code="k">Kunst nach Ländern bzw. Kontinenten</subfield>
   <subfield code="k">Deutschland</subfield>
   <subfield code="k">Deutsche Kunstgeschichte nach Gattungen</subfield>
   <subfield code="k">Malerei</subfield>
   <subfield code="k">Einzelne Epochen</subfield>
   <subfield code="k">Neuzeit</subfield>
   <subfield code="k">19. und 20. Jahrhundert</subfield>
   <subfield code="k">20. Jahrhundert</subfield>
   <subfield code="k">Expressionismus (einschließlich Fauves und Dada)</subfield>
   <subfield code="0">(DE-627)1270652982</subfield>
   <subfield code="0">(DE-625)rvk/98495:13106</subfield>
   <subfield code="0">(DE-576)200652982</subfield>
  </datafield>
  <datafield tag="936" ind1="r" ind2="v">
   <subfield code="a">LK 10352</subfield>
   <subfield code="b">Expressionismus (einschließlich Fauves und Dada)</subfield>
   <subfield code="k">Kunstgeschichte</subfield>
   <subfield code="k">Kunst nach Ländern bzw. Kontinenten</subfield>
   <subfield code="k">Deutschland</subfield>
   <subfield code="k">Deutsche Kunstgeschichte einzelner Epochen</subfield>
   <subfield code="k">Deutsche Kunstgeschichte der Neuzeit</subfield>
   <subfield code="k">19., 20.  und 21. Jahrhundert</subfield>
   <subfield code="k">20. Jahrhundert</subfield>
   <subfield code="k">Expressionismus (einschließlich Fauves und Dada)</subfield>
   <subfield code="0">(DE-627)1270641867</subfield>
   <subfield code="0">(DE-625)rvk/97500:13106</subfield>
   <subfield code="0">(DE-576)200641867</subfield>
  </datafield>
  <datafield tag="936" ind1="r" ind2="v">
   <subfield code="a">LH 65822</subfield>
   <subfield code="b">Expressionismus (einschließlich Fauves und Dada)</subfield>
   <subfield code="k">Kunstgeschichte</subfield>
   <subfield code="k">Allgemeines. Allgemeine Kunstgeschichte</subfield>
   <subfield code="k">Allgemeine Kunstgeschichte: Darstellungen</subfield>
   <subfield code="k">Darstellungen einzelner Epochen</subfield>
   <subfield code="k">Mittlere und neuere Kunstgeschichte</subfield>
   <subfield code="k">Neuzeit</subfield>
   <subfield code="k">19. und 20. Jahrhundert</subfield>
   <subfield code="k">20. Jahrhundert</subfield>
   <subfield code="k">Expressionismus (einschließlich Fauves und Dada)</subfield>
   <subfield code="0">(DE-627)1271509393</subfield>
   <subfield code="0">(DE-625)rvk/94562:13106</subfield>
   <subfield code="0">(DE-576)201509393</subfield>
  </datafield>
  <datafield tag="936" ind1="r" ind2="v">
   <subfield code="a">LK 84380</subfield>
   <subfield code="b">allgemein</subfield>
   <subfield code="k">Kunstgeschichte</subfield>
   <subfield code="k">Kunst nach Ländern bzw. Kontinenten</subfield>
   <subfield code="k">Deutschland</subfield>
   <subfield code="k">Deutsche Kunstgeschichte nach Gattungen</subfield>
   <subfield code="k">Malerei</subfield>
   <subfield code="k">Geschichte der deutschen Malerei nach Ländern und Landschaften</subfield>
   <subfield code="k">Länder (Verwaltungseinheiten)</subfield>
   <subfield code="k">Sachsen</subfield>
   <subfield code="k">allgemein</subfield>
   <subfield code="0">(DE-627)1270637134</subfield>
   <subfield code="0">(DE-625)rvk/98529:2</subfield>
   <subfield code="0">(DE-576)200637134</subfield>
  </datafield>
  <datafield tag="936" ind1="r" ind2="v">
   <subfield code="a">LK 85860</subfield>
   <subfield code="b">allgemein</subfield>
   <subfield code="k">Kunstgeschichte</subfield>
   <subfield code="k">Kunst nach Ländern bzw. Kontinenten</subfield>
   <subfield code="k">Deutschland</subfield>
   <subfield code="k">Deutsche Kunstgeschichte nach Gattungen</subfield>
   <subfield code="k">Zeichnung und Grafik</subfield>
   <subfield code="k">Geschichte der deutschen Zeichnung und Grafik nach Ländern und Landschaften</subfield>
   <subfield code="k">Länder</subfield>
   <subfield code="k">Thüringen, Sachsen</subfield>
   <subfield code="k">allgemein</subfield>
   <subfield code="0">(DE-627)1271170248</subfield>
   <subfield code="0">(DE-625)rvk/98615:2</subfield>
   <subfield code="0">(DE-576)201170248</subfield>
  </datafield>
  <datafield tag="936" ind1="r" ind2="v">
   <subfield code="a">NQ 2280</subfield>
   <subfield code="b">Kultur, Wissenschaft und Schulen, Erziehung</subfield>
   <subfield code="k">Geschichte</subfield>
   <subfield code="k">Geschichte seit 1918</subfield>
   <subfield code="k">Drittes Reich</subfield>
   <subfield code="k">Innere Geschichte</subfield>
   <subfield code="k">Kultur, Wissenschaft und Schulen, Erziehung</subfield>
   <subfield code="0">(DE-627)1270810936</subfield>
   <subfield code="0">(DE-625)rvk/128242:</subfield>
   <subfield code="0">(DE-576)200810936</subfield>
  </datafield>
  <datafield tag="936" ind1="b" ind2="k">
   <subfield code="a">20.70</subfield>
   <subfield code="j">Europäische Kunst: Allgemeines</subfield>
   <subfield code="0">(DE-627)106406566</subfield>
  </datafield>
  <datafield tag="951" ind1=" " ind2=" ">
   <subfield code="a">BO</subfield>
  </datafield>
  <datafield tag="990" ind1=" " ind2=" ">
   <subfield code="a">Brücke</subfield>
  </datafield>
  <datafield tag="990" ind1=" " ind2=" ">
   <subfield code="a">Deutschland</subfield>
  </datafield>
  <datafield tag="990" ind1=" " ind2=" ">
   <subfield code="a">Rezeption</subfield>
  </datafield>
  <datafield tag="990" ind1=" " ind2=" ">
   <subfield code="a">Geschichte 1918-1933</subfield>
  </datafield>
  <datafield tag="990" ind1=" " ind2=" ">
   <subfield code="a">Weimarer Republik</subfield>
  </datafield>
  <datafield tag="990" ind1=" " ind2=" ">
   <subfield code="a">Rezeption</subfield>
  </datafield>
  <datafield tag="990" ind1=" " ind2=" ">
   <subfield code="a">Brücke</subfield>
  </datafield>
  <datafield tag="990" ind1=" " ind2=" ">
   <subfield code="a">Brücke</subfield>
  </datafield>
  <datafield tag="990" ind1=" " ind2=" ">
   <subfield code="a">Deutschland</subfield>
  </datafield>
  <datafield tag="990" ind1=" " ind2=" ">
   <subfield code="a">Rezeption</subfield>
  </datafield>
  <datafield tag="990" ind1=" " ind2=" ">
   <subfield code="a">Geschichte 1933-1945</subfield>
  </datafield>
  <datafield tag="990" ind1=" " ind2=" ">
   <subfield code="a">Drittes Reich</subfield>
  </datafield>
  <datafield tag="990" ind1=" " ind2=" ">
   <subfield code="a">Rezeption</subfield>
  </datafield>
  <datafield tag="990" ind1=" " ind2=" ">
   <subfield code="a">Brücke</subfield>
  </datafield>
  <datafield tag="990" ind1=" " ind2=" ">
   <subfield code="a">Brücke</subfield>
  </datafield>
  <datafield tag="990" ind1=" " ind2=" ">
   <subfield code="a">Rezeption</subfield>
  </datafield>
  <datafield tag="990" ind1=" " ind2=" ">
   <subfield code="a">Geschichte 1945-2000</subfield>
  </datafield>
  <datafield tag="991" ind1=" " ind2=" ">
   <subfield code="a">Rezensiertes Werk</subfield>
  </datafield>
  <datafield tag="999" ind1=" " ind2=" ">
   <subfield code="a">KXP-PPN472220519</subfield>
   <subfield code="e">4569413994</subfield>
  </datafield>
 </record>
</collection>
